| 000 | 00514nam a22001937a 4500 | ||
|---|---|---|---|
| 999 |
_c18869 _d18869 |
||
| 008 | 210407b xxu||||| |||| 00| 0 eng d | ||
| 020 | _a9027723443 | ||
| 050 |
_aQC881.2 _b.B73 1986 c.1 |
||
| 100 | _aBrasseur, Guy | ||
| 245 |
_aAeronomy of the middle atmosphere _cGuy Brasseur |
||
| 250 | _a2nd ed. | ||
| 260 |
_aHolland _bReidel Publishing _c1986 |
||
| 300 | _axvi, 452p. | ||
| 650 | _aStratosphere | ||
| 650 | _aMesosphere | ||
| 650 | _amiddle atmosphere | ||
| 700 | _aSusan Solomon | ||
| 942 |
_2lcc _cBK |
||